Mehr oder weniger als 5? - Statistiken

Allgemein
  • Dieses Quiz wurde 108 mal gespielt
  • Das Durchschnittsergebnis liegt bei 14 aus 20
Antwortstatistiken
Hint Explanation Antwort % Korrekt
Anzahl von Harry Potter- Bänden 7 Mehr
97%
Anzahl von Pedalen bei einem Tandem 4 Weniger
96%
Die Wurzel von 25 5
92%
Alter eines Kindes, dass 2022 geboren ist 4 Weniger
89%
eine Halbglatze hat 5 Haare, wie viele Haare hat eine ganze Glatze? 0 Weniger
86%
Anzahl der Bauern pro Farbe bei einem Schachspiel 8 Mehr
85%
Anzahl der Nachbarländer der Niederlande 3 Weniger
84%
Anzahl Handknochen 8 Mehr
82%
heißt auf Italienisch cinque 5
78%
nationaler Mindestlohn pro Tag in Indien in € ca. 2€ Weniger
77%
Heiligen aus dem Morgenland laut der Bibel 3 Weniger
75%
Pi ca. 3,14159... Weniger
74%
2*34 / (5-4+9)= ? 6,8 Mehr
71%
Anzahl an Edelmetallen 8 Mehr
71%
Anzahl von Led Zeppelin Alben 8 Mehr
66%
Küstenlänge Monaco in km 4 Weniger
48%
Anzahl Nördlicher Breitmaulnashörner in freier Wildbahn 2 Weniger
45%
Avogadro Zahl ca. 6,022 * 10²³ Mehr
43%
Nummer, die beim FC Bayern als Rückennumer nicht mehr vergeben wird 5
35%
Anzahl der Sterne in Chinas Flagge 5
35%
Keine übereinstimmenden Quizze gefunden
Verteilung der Resultate
Anzahl Personen mit jedem Resultat
Perzentil nach korrekt beantworteten Fragen
Ihre Resultats-Entwicklung
Sie haben dieses Quiz noch nicht gespielt